Statistics for Animal Crossing Species: Cat

Click here to take the quiz!

General Stats

  • This quiz has been taken 8 times
  • The average score is 16 of 26

Answer Stats

Answer% Correct
Ankha
83%
Bob
83%
Kid Cat
83%
Merry
83%
Mitzi
83%
Raymond
83%
Kabuki
67%
Kiki
67%
Kitty
67%
Lolly
67%
Moe
67%
Olivia
67%
Purrl
67%
Tabby
67%
Tangy
67%
Tom
67%
Felicity
50%
Katt
50%
Monique
50%
Punchy
50%
Rosie
50%
Rudy
50%
Stinky
50%
Felyne
17%
Meow
17%
Pierre
17%

Score Distribution

Percentile by Number Answered

Percent of People with Each Score

Your Score History

You have not taken this quiz